Slovenská národná bibliografia Rozpisový rad Články

Saved in:
Bibliographic Details
Format: Serial
Language:Slovak
Published: Martin Matica slovenská 1989
Tags: Add Tag
No Tags, Be the first to tag this record!

MARC

LEADER 00000nas2a2200000 4500
001 s028621
005 20260121111037.2
041 0 |a slo 
044 |a SK 
245 1 0 |a Slovenská národná bibliografia  |b Rozpisový rad Články 
264 1 |a Martin  |b Matica slovenská  |c 1989 
300 |a 3 zv. 
773 0 |w eu_un_cat*s121016